Estadísticas para 15 principales países afectados por Covid19 - 22 agosto

Haz click aquí para intentar la prueba.

Estadísticas generales

  • Esta prueba ha sido intentada 5 veces
  • La puntuación promedio es 18 de 25

Estadísticas de respuestas

país% Correcto
Argentina
100%
Brasil
100%
Chile
100%
Chile
100%
España
100%
Estados Unidos
100%
México
100%
Arabia Saudita
75%
Bangladés
75%
Baréin
75%
Catar
75%
Colombia
75%
India
75%
Irán
75%
Panamá
75%
Perú
75%
Reino Unido
75%
Rusia
75%
Sudáfrica
75%
Bolivia
50%
Israel
50%
Kuwait
50%
Armenia
25%
Omán
25%
Singapur
25%

Distribución de puntuación

Porcentaje por número respondido

Porcentaje de gente con cada puntuación

Historial de tus puntuaciones

No has intentado esta prueba.